000 01009nam a22003137a 4500
001 BR2014000040
003 BR-BrBNA
005 20230928104335.0
007 ta
008 230509b bl.||||| |||| 00| 0 por d
040 _aBR-BrBNA
_bpor
_cBiblioteca Nacional de Agricultura
041 _a(Por)
072 _aL72; L70
_b5214
_b4110
_b3888
090 _ 5214 BR2014000040
100 1 _aChiareli, D.
110 1 _aUniversidade Federal de Minas Geais, Belo Horizonte (Brasil). Escola de Veterinária
_0Tese (Doutor em Ciência Animal)
_910834
245 1 _aControle da leptospirose em bovinos de leite com vacina autóctone em Santo Antônio do Monte, MG, 2007/2010
260 3 _aBelo Horizonte, MG (Brasil):
_c2011.
300 _a44 p.
500 _aSummaries (Eng, Por);
650 _aGADO LEITEIRO
650 _aLEPTOSPIROSE
650 _aVACINA
650 _aEIDEMIOLOGIA
650 _aBIOQUÍMICA ANIMAL
650 _aMINAS GERAIS
909 _a202309
_bLucia
_c55
_dLucia Elande
942 _cBK
999 _c79390
_d79390